Message of the Cross / (Record no. 3968)
[ view plain ]
| 000 -LEADER | |
|---|---|
| fixed length control field | 00406nam a2200109 4500 |
| 008 - FIXED-LENGTH DATA ELEMENTS--GENERAL INFORMATION | |
| fixed length control field | 010211u2001 mu eng |
| 100 0# - MAIN ENTRY--PERSONAL NAME | |
| Personal name | T. A. Hegre, |
| 245 10 - TITLE STATEMENT | |
| Title | Message of the Cross / |
| Statement of responsibility, etc | T. A. Hegre, |
| 260 ## - PUBLICATION, DISTRIBUTION, ETC. (IMPRINT) | |
| Place of publication, distribution, etc | 6820 Auto Club Road, Minneapolis Minnesota 55438 : |
| Name of publisher, distributor, etc | Bthany Fellowship Missionary Training Center, |
| Date of publication, distribution, etc | 2001 |
| 440 #0 - SERIES STATEMENT/ADDED ENTRY--TITLE | |
| Title | Message of the Cross |
| 951 ## - EQUIVALENCE OR CROSS-REFERENCE-GEOGRAPHIC NAME/AREA NAME [OBSOLETE] [CAN/MARC only] | |
| -- | SRS000000000128 |
| -- | 070613111001000 |
| -- | 2000-12-21 |
| Withdrawn status | Lost status | Damaged status | Not for loan | Home library | Current library | Date acquired | Accession number | Shelving control number | Total Checkouts | Date last seen | Price effective from | Koha item type |
|---|---|---|---|---|---|---|---|---|---|---|---|---|
| BSOP Library | BSOP Library | 12/21/2000 | SRS000000000128 | 127 | 02/23/2013 | 02/23/2013 | Books |
